000 00532nam a2200193Ia 4500
005 20250423101435.0
008 250422s9999 xx 000 0 und d
020 _a9781119383635
050 _aNA 2728 .B75/
100 _aBrightman, Michael
245 4 _aThe SketchUp workflow for architecture
250 _a2nd ed.
260 _aNew Jersey
260 _bWiley
260 _c2018
300 _a97 p
650 _aSketchUp. Architectural drawing--Computer-aided design. Architectural design--Data processing.
942 _cBK
999 _c36310
_d36310